000
00246nam a2200097Ia 4500
001
1076543
005
20250827002258.0
008
250824s9999 xx 000 0 und d
245
0
_a
KENDİNİ BULMAK
_c
İHSAN FAZLIOĞLU
260
_b
KETEBE YAYINLARI
999
_c
1076543
_d
1076543